Normal view
MARC view
Entry Topical Term
001 - CONTROL NUMBER
- control field: 32972
003 - CONTROL NUMBER IDENTIFIER
- control field: OSt
005 - DATE AND TIME OF LATEST TRANSACTION
- control field: 20160116161643.0
008 - FIXED-LENGTH DATA ELEMENTS
- fixed length control field: 160116|| aca||aabn | a|a d
040 ## - CATALOGING SOURCE
- Original cataloging agency: OSt
- Transcribing agency: OSt
150 ## - HEADING--TOPICAL TERM
- Topical term or geographic name entry element: Traivals
670 ## - SOURCE DATA FOUND
- Source citation: Work cat.: (OSt): Joshi Ram Sharan 8399, Islands Of Deprivation , 2010









